000 00738nam a2200205 4500
003 CO-ViMGA
020 _a9789588787671
040 _aCO-ViMGA
_bspa
_cCO-ViMGA
090 _aC MUN5
100 1 _aMunté Vidal, Marta
_98002
245 1 0 _aKuku na mwewe : el águila y la gallina /
_ccuento africano adaptado por Marta Munté Vidal
260 _aBogotá :
_bMonserrate
300 _a[36] páginas sin numerar :
_b ilustraciones en color ; 23 cm
490 _aPlan Nacional de Lectura y Escritura Leer es mi Cuento / Ministerio de Cultura
500 _aDe 6 A 8 Años
650 1 4 _a Animales En La Literatura
_91294
650 1 4 _a Literatura Infantil Española
_97851
650 1 4 _aCuentos Infantiles Españoles
_91012
942 _2ddc
_cBK
999 _c7700
_d7700